|
|
|
|
| LEADER |
00983nam a2200265 a 4500 |
| 001 |
2721427 |
| 008 |
100125s1977 nyu b 000 0 eng d |
| 999 |
|
|
|c 7165
|d 7165
|
| 010 |
|
|
|a 77021847
|
| 020 |
|
|
|a 0878340270
|
| 040 |
|
|
|a DLC
|c DLC
|d DLC
|d DB-DhAAL
|
| 082 |
0 |
0 |
|a 301.321
|
| 100 |
1 |
|
|a Srikantan, K. S.,
|d 1930-
|9 38096
|
| 245 |
1 |
4 |
|a The family planning program in the socioeconomic context /
|c K. S. Srikantan.
|
| 260 |
|
|
|a New York :
|b Population Council,
|c c1977.
|
| 300 |
|
|
|a xii, 240 p. ;
|c 23 cm.
|
| 504 |
|
|
|a Includes bibliographical references.
|
| 541 |
1 |
|
|e 00002337
|
| 650 |
|
0 |
|a Birth control.
|9 38097
|
| 650 |
|
0 |
|a Population policy.
|9 38098
|
| 650 |
|
0 |
|a Fertility, Human.
|9 38099
|
| 650 |
|
0 |
|a Social indicators.
|9 38100
|
| 852 |
4 |
|
|a Ayesha Abed Library
|j General Shelf.
|
| 942 |
|
|
|2 ddc
|c BK
|
| 952 |
|
|
|0 0
|1 0
|2 ddc
|4 0
|6 301_321000000000000_SRI
|7 0
|9 7451
|a BRACUL
|b BRACUL
|c GEN
|d 2010-01-25
|g 0.00
|l 0
|o 301.321 SRI
|p 3010002337
|r 2010-01-25
|t 1
|w 2010-01-25
|y BK
|z Not price in Register
|